书目信息 |
| 题名: |
感悟教育
|
|
| 作者: | 李利民 著 | |
| 分册: | ||
| 出版信息: | 延吉 延边大学出版社 2017 |
|
| 页数: | 234页 | |
| 开本: | 26cm | |
| 丛书名: | ||
| 单 册: | ||
| 中图分类: | G40-53 | |
| 科图分类: | ||
| 主题词: | 教育学--文集 | |
| 电子资源: | ||
| ISBN: | 978-7-5688-2501-6 | |
| 000 | 00730nam0 2200229 450 | |
| 001 | 012001002841 | |
| 005 | 20131031105109.0 | |
| 010 | @a978-7-5688-2501-6@dCNY69.00 | |
| 100 | @a20190226d2017 em y0chiy50 ea | |
| 101 | 0 | @achi |
| 102 | @aCN@b220000 | |
| 105 | @ay z 000yy | |
| 106 | @ar | |
| 200 | 1 | @a感悟教育@9gan wu jiao yu@f李利民著 |
| 210 | @a延吉@c延边大学出版社@d2017 | |
| 215 | @a234页@d26cm | |
| 330 | @a全书共分为物理研究、案例评析、课题实验、教学管理、专业发展和教育随笔六篇。收录的文章有《板书的艺术》《一堂没有上完的课》《兴趣是最好的老师》等。 | |
| 606 | 0 | @a教育学@j文集 |
| 690 | @aG40-53@v5 | |
| 701 | 0 | @a李利民@9li li min@4著 |
| 801 | 0 | @aCN@b江苏凤凰@c20191020 |
| 905 | @b1230870-3@dG40-53@e1041@f4 | |
| 感悟教育/李利民著.-延吉:延边大学出版社,2017 |
| 234页;26cm |
| ISBN 978-7-5688-2501-6:CNY69.00 |
| 全书共分为物理研究、案例评析、课题实验、教学管理、专业发展和教育随笔六篇。收录的文章有《板书的艺术》《一堂没有上完的课》《兴趣是最好的老师》等。 |
| ● |
| 相关链接 |
|
|
|
|
正题名:感悟教育
索取号:G40-53/1041
 
预约/预借
| 序号 | 登录号 | 条形码 | 馆藏地/架位号 | 状态 | 备注 |
| 1 | 1230870 | 212308705 | 第一样本阅览室/ [索取号:G40-53/1041] | 在馆 | |
| 2 | 1230871 | 212308714 | 教育系资料室/ [索取号:G40-53/1041] | 在馆 | |
| 3 | 1230872 | 212308723 | 教育系资料室/ [索取号:G40-53/1041] | 在馆 | |
| 4 | 1230873 | 212308732 | 第四借阅区/ [索取号:G40-53/1041] | 在馆 |